| 000 | 00436nam a22001697a 4500 | ||
|---|---|---|---|
| 003 | OSt | ||
| 005 | 20250821120429.0 | ||
| 008 | 250821b |||||||| |||| 00| 0 eng d | ||
| 020 | _a9789389691320 | ||
| 082 |
_a339 _bD64T |
||
| 100 | _aDiulio, Eugene | ||
| 245 |
_aTheory and problems of macroeconomics _cBy Eugene Diulio |
||
| 250 | _a3rd ed. | ||
| 260 |
_aChennai _bMcgraw hill _c2020 |
||
| 300 |
_avii, 333p. _bPB |
||
| 942 |
_2ddc _cBK |
||
| 999 |
_c28748 _d28748 |
||